Statistics for Weather

Click here to take the quiz!

General Stats

  • This quiz has been taken 30 times
  • The average score is 9 of 26

Answer Stats

DefinitionAnswer% Correct
a funnel shape that touches the groundtornado
90%
ice fallinghail
75%
liquid precipitiationrain
75%
precipitation that is a solid but not icesnow
75%
a huge snowstormblizzard
65%
light ice fallingsleet
65%
a superstorm that forms a spiral shape that goes to the southeastern; northeastern coasthurricane
60%
a storm with thunder, rain, and lightningthunderstorm
55%
a superstorm that develops over the Pacific Oceantyphoon
50%
extremely light precipitation that is a liquiddrizzle
40%
2 air masses pushing each other out of the way in this frontcold front
30%
a funnel shape that never touches the groundfunnel cloud
30%
a superstorm that only includes 1 cellsupercell
30%
air moving downwardsdowndraft
25%
measured in millibarspressure
25%
air moving upwardsupdraft
25%
2 air masses meet but 1 goes above the other in this frontwarm front
25%
a fast, straight moving windderecho
15%
2 air masses do not go anywhere in this frontstationary front
15%
a storm that develops near Africa, going towards the westtropical storm
15%
a super dangerous storm that forms a bow shapebow echo
10%
a super fast wind moving downwards microburst
10%
3 air masses meet but only 2 go backwardsoccluded front
10%
condensed moistureclouds
0%
extremely light precipitation that is a solid but not iceflurries
0%
a long lived storm with cells continually formingsquall
0%

Score Distribution

Percentile by Number Answered

Percent of People with Each Score

Your Score History

You have not taken this quiz